Statistics for Which City in Canada?

Click here to take the quiz!

General Stats

  • This quiz has been taken 39,360 times
    (39,268 since last reset)
  • The average score is 12 of 20

Answer Stats

ClueCity% Correct
Home of CN Tower and Canada's only Major League Baseball teamToronto
100%
Shares its name with British Columbia's largest island (but is not actually on that island)Vancouver
95%
Located on an island in the Saint Lawrence riverMontréal
89%
1988 Winter Olympics hostCalgary
86%
For nearly a decade, Wayne Gretzky electrified fans in this "Oil Capital of Canada"Edmonton
82%
The only fortified city in the U.S. or Canada, founded in 1608Quebec City
78%
Was given its present name in 1882 in honour of Queen VictoriaRegina
63%
Its inhabitants are known as HaligoniansHalifax
62%
Saskatchewan's biggest citySaskatoon
62%
The only city in the Northwest TerritoriesYellowknife
61%
The fourth-most visited city in Canada, it shares its name with an American city
on the other side of the river
Niagara Falls
60%
Most populous city on Lake Superior{Thunder} Bay
56%
The only city in the YukonWhitehorse
56%
Its namesake national park was Canada's first, in 1885Banff
51%
Most easterly provincial capitalSt John's
50%
Nunavut's capital, only reachable by air or boatIqaluit
38%
In 1864, this PEI capital hosted a conference to discuss Canadian ConfederationCharlottetown
34%
This city at the western tip of Lake Ontario is part of Canada's "Golden Horseshoe"Hamilton
33%
Polar bears can be seen roaming the streets of this Manitoba port, which was
named after the 1st Duke of Marlborough
Churchill
27%
This "city" in the Yukon (actually a town) was the epicenter of the Klondike Gold Rush{Dawson} City
26%

Score Distribution

Percentile by Number Answered

Percent of People with Each Score

Your Score History

You have not taken this quiz since the last reset